Tilastot visalle Valtioiden nimet, joissa mikään kirjain ei toistu

Klikkaa tästä pelataksesi tätä visaa!

Yleistilastot

  • Tätä visaa on pelattu 214 kertaa
  • Keskiarvotulos 27 / 40

Vastaustilastot

vihjevaltio% Oikein
Eurooppa, 5 kirjaintaSuomi
97%
Eurooppa, 4 kirjaintaViro
95%
Eurooppa, 6 kirjaintaRuotsi
93%
Eurooppa, 5 kirjaintaNorja
92%
Eurooppa, 5 kirjaintaPuola
81%
Amerikka, 5 kirjaintaChile
80%
Aasia, 4 kirjaintaLaos
80%
Aasia, 4 kirjaintaOman
80%
Aasia, 4 kirjaintaIrak
77%
Aasia, 4 kirjaintaIran
77%
Afrikka, 4 kirjaintaMali
77%
Amerikka, 4 kirjaintaPeru
77%
Eurooppa, 9 kirjaintaPortugali
76%
Afrikka, 6 kirjaintaEgypti
75%
Eurooppa, 6 kirjaintaBelgia
73%
Afrikka, 5 kirjaintaLibya
73%
Aasia, 5 kirjaintaNepal
73%
Afrikka, 4 kirjaintaTšad
73%
Aasia, 6 kirjaintaIsrael
70%
Oseania, 5 kirjaintaTonga
68%
Eurooppa, 6 kirjaintaUnkari
67%
Aasia, 7 kirjaintaVietnam
67%
Afrikka, 5 kirjaintaKenia
65%
Aasia, 6 kirjaintaBhutan
64%
Aasia, 6 kirjaintaKuwait
64%
Aasia, 6 kirjaintaKypros
64%
Afrikka, 5 kirjaintaNiger
61%
Afrikka, 5 kirjaintaSudan
61%
Amerikka, 7 kirjaintaEcuador
58%
Amerikka, 8 kirjaintaHonduras
56%
Eurooppa, 8 kirjaintaSlovenia
56%
Afrikka, 6 kirjaintaGuinea
55%
Aasia, 6 kirjaintaBrunei
54%
Eurooppa, 6 kirjaintaSerbia
53%
Amerikka, 8 kirjaintaKolumbia
51%
Afrikka, 5 kirjaintaGabon
49%
Aasia, 10 kirjaintaUzbekistan
49%
Aasia, 9 kirjaintaSingapore
45%
Amerikka, 8 kirjaintaSuriname
41%
Afrikka, 7 kirjaintaKamerun
36%

Tulosjakauma

Persentiili vastausten määrän mukaan

Jokaisen tuloksen saaneiden osuus

Tuloshistoriasi

Et ole pelannut tätä visaa